Loading...
| Fine Arts - Classical Music | 5 | 10.00 | 20% | 40% | 40% |
| Fine Arts - Other | 5 | 14.00 | 60% | 60% | 20% |
| Fine Arts - Painting and Sculpture | 4 | 12.50 | 0% | 50% | 75% |
| History - American | 1 | 10.00 | 0% | 0% | 100% |
| History - European | 3 | 13.33 | 33% | 33% | 67% |
| History - Other | 8 | 13.75 | 63% | 25% | 50% |
| History - World | 2 | 15.00 | 50% | 0% | 100% |
| Literature - American | 3 | 16.67 | 67% | 67% | 33% |
| Literature - British | 5 | 14.00 | 40% | 60% | 40% |
| Literature - European | 2 | 15.00 | 0% | 100% | 50% |
| Literature - World | 5 | 14.00 | 80% | 60% | 0% |
| Mythology | 3 | 10.00 | 33% | 33% | 33% |
| Other Academic | 1 | 20.00 | 0% | 100% | 100% |
| Philosophy | 4 | 12.50 | 0% | 75% | 50% |
| Pop Culture | 2 | 15.00 | 0% | 100% | 50% |
| Religion | 6 | 11.67 | 17% | 50% | 50% |
| Science - Biology | 2 | 10.00 | 0% | 50% | 50% |
| Science - Chemistry | 4 | 17.50 | 50% | 50% | 75% |
| Science - Other | 4 | 12.50 | 50% | 50% | 25% |
| Science - Physics | 3 | 16.67 | 33% | 67% | 67% |
| Social Science | 4 | 17.50 | 25% | 50% | 100% |